[Event "Dresden ZMD op"]
[Site "Dresden"]
[Date "2009.07.26"]
[Round "2"]
[White "Mueller, Andre"]
[Black "Roesemann, Rainer"]
[Result "1/2-1/2"]
[WhiteElo "1841"]
[BlackElo "2246"]
[PlyCount "139"]
[EventDate "2009.07.25"]
[EventType "swiss"]
[EventRounds "9"]
[EventCountry "GER"]
[SourceTitle "CBM 131 Extra"]
[Source "ChessBase"]
[SourceDate "2009.09.03"]
[SourceVersion "2"]
[SourceVersionDate "2009.09.16"]
[SourceQuality "1"]

1. e4 c5 2. c3 e6 3. d4 d5 4. e5 Nc6 5. Nf3 Bd7 6. Be2 f6 7. 0-0 fxe5 8. dxe5 Nge7 9. Bg5 Qc7 10. Bf4 Ng6 11. Bg3 Ngxe5 12. Nxe5 Nxe5 13. f4 Nf7 14. f5 Bd6 15. fxe6 Bxe6 16. Bb5+ Kf8 17. Bxd6+ Qxd6 18. Qe2 a6 19. Ba4 d4 20. Nd2 b5 21. Rae1 dxc3 22. bxc3 Re8 23. Bc2 Qd7 24. Qf2 Kg8 25. Ne4 Bc4 26. Nxc5 Rxe1 27. Rxe1 Qd8 28. Nxa6 g6 29. Nb4 Kg7 30. Qd4+ Qxd4+ 31. cxd4 Nd6 32. a4 bxa4 33. Bxa4 Rb8 34. Nc6 Rb2 35. Ne5 Bd5 36. Nf3 Bxf3 37. gxf3 Rb4 38. Bc6 Rxd4 39. Re2 h6 40. Kg2 Kf6 41. h3 g5 42. Bd7 Nc4 43. Bg4 Ne5 44. Ra2 Rd6 45. Kg3 Ng6 46. Rb2 Nh4 47. Re2 Rb6 48. Rc2 Ke5 49. f4+ Kf6 50. fxg5+ hxg5 51. Rf2+ Kg6 52. Rc2 Rb3+ 53. Kf2 Rb6 54. Kg3 Kg7 55. Rc7+ Kf6 56. Rc2 Ng6 57. Rf2+ Kg7 58. Rc2 Rb3+ 59. Kh2 Ne5 60. Rf2 Nd3 61. Rd2 Kf6 62. Re2 Nf4 63. Ra2 Nd5 64. Rf2+ Kg6 65. Be6 Rb5 66. Bf7+ Kh6 67. Bxd5 Rxd5 68. Rf3 Kh5 69. Kg3 Rd1 70. Ra3 1/2-1/2

[Event "Dresden ZMD op"]
[Site "Dresden"]
[Date "2009.07.25"]
[Round "1"]
[White "Heinig, Wolfram"]
[Black "Mueller, Andre"]
[Result "1-0"]
[WhiteElo "2334"]
[BlackElo "1841"]
[PlyCount "117"]
[EventDate "2009.07.25"]
[EventType "swiss"]
[EventRounds "9"]
[EventCountry "GER"]
[SourceTitle "CBM 131 Extra"]
[Source "ChessBase"]
[SourceDate "2009.09.03"]
[SourceVersion "2"]
[SourceVersionDate "2009.09.16"]
[SourceQuality "1"]

1. d4 d5 2. c4 Nc6 3. Nf3 Bg4 4. cxd5 Bxf3 5. dxc6 Bxc6 6. Nc3 Nf6 7. f3 e6 8. e4 Be7 9. Be3 0-0 10. Be2 Qd7 11. 0-0 Rfd8 12. Qc2 Bb4 13. Rfd1 h6 14. Rd2 a6 15. a3 Ba5 16. Rad1 Qe7 17. Bf1 Rd7 18. Bf2 Rad8 19. b4 Bb6 20. Qb2 Ra8 21. a4 Rdd8 22. a5 Ba7 23. b5 axb5 24. Nxb5 Bxb5 25. Qxb5 c6 26. Qc4 Bb8 27. Ra2 Bc7 28. a6 Rxa6 29. Rxa6 bxa6 30. Qxc6 a5 31. Rc1 Bf4 32. Rc2 Qa3 33. Rc3 Qb4 34. g3 Bd2 35. Rd3 Qb2 36. d5 e5 37. d6 Bb4 38. d7 Be7 39. Bh3 Qb1+ 40. Bf1 Rb8 41. Qc7 Bd8 42. Qxe5 Qb4 43. Bc5 Qb5 44. Qd6 Nxd7 45. Rd5 Qb3 46. Qxd7 Qxf3 47. Qe8+ Kh7 48. Rf5 Qd1 49. Qxf7 Bb6 50. Bxb6 Rxb6 51. Rd5 Qg4 52. Qf5+ Qxf5 53. exf5 a4 54. Ra5 Rb4 55. Kf2 Rb2+ 56. Be2 Rb4 57. Ke3 Rb3+ 58. Bd3 a3 59. f6+ 1-0

[Event "Leipzig VfB op 16th"]
[Site "Leipzig"]
[Date "2009.04.02"]
[Round "5"]
[White "Gerhardt, Dirk"]
[Black "Mueller, Andre"]
[Result "1-0"]
[WhiteElo "2056"]
[BlackElo "1837"]
[PlyCount "87"]
[EventDate "2009.03.31"]
[EventType "swiss"]
[EventRounds "9"]
[EventCountry "GER"]
[SourceTitle "EXT 2010"]
[Source "ChessBase"]
[SourceDate "2010.11.25"]
[SourceVersion "1"]
[SourceVersionDate "2010.11.25"]
[SourceQuality "1"]

1. c4 e5 2. Nc3 Nc6 3. g3 Nf6 4. Bg2 Bc5 5. d3 0-0 6. Nf3 h6 7. 0-0 a6 8. a3 d6 9. Rb1 a5 10. Na4 Ba7 11. b4 axb4 12. axb4 Bd7 13. b5 Ne7 14. Qb3 Ng6 15. Nd2 Qc8 16. Nc3 Bd4 17. Nde4 Nxe4 18. Bxe4 Bxc3 19. Qxc3 c6 20. Qb2 f5 21. Bh1 Qe8 22. e3 f4 23. exf4 exf4 24. Qd4 fxg3 25. hxg3 Qe5 26. Bb2 Ra2 27. f4 Qxd4+ 28. Bxd4 c5 29. Bf2 Bf5 30. Rbd1 b6 31. Rfe1 Bg4 32. Bd5+ Kh8 33. Ra1 Rd2 34. Ra7 Bf5 35. Rb7 Bxd3 36. Rxb6 Rc2 37. Be4 Bxe4 38. Rxe4 Rd2 39. Rc6 Ra8 40. b6 Ra1+ 41. Be1 Rb2 42. Kf1 Ra6 43. Re6 Nf8 44. Re8 1-0

[Event "Leipzig VfB op 16th"]
[Site "Leipzig"]
[Date "2009.04.01"]
[Round "2"]
[White "Mueller, Andre"]
[Black "Bessert, Maximilian"]
[Result "1/2-1/2"]
[WhiteElo "1837"]
[BlackElo "1397"]
[PlyCount "40"]
[EventDate "2009.03.31"]
[EventType "swiss"]
[EventRounds "9"]
[EventCountry "GER"]
[SourceTitle "EXT 2010"]
[Source "ChessBase"]
[SourceDate "2010.11.25"]
[SourceVersion "1"]
[SourceVersionDate "2010.11.25"]
[SourceQuality "1"]

1. e4 e5 2. Nf3 Nc6 3. Bc4 Bc5 4. c3 Nf6 5. d4 exd4 6. cxd4 Bb4+ 7. Nc3 Nxe4 8. 0-0 Bxc3 9. d5 Ne7 10. bxc3 0-0 11. Re1 Nf6 12. d6 cxd6 13. Qxd6 Nf5 14. Qf4 d6 15. Ba3 Qc7 16. g4 Nxg4 17. Qxg4 Ne3 18. Bxf7+ Rxf7 19. Qe4 Re7 20. Qd3 Bf5 1/2-1/2

[Event "Dresden ZMD op"]
[Site "Dresden"]
[Date "2008.07.19"]
[Round "1"]
[White "Zeberski, Jakub"]
[Black "Mueller, Andre"]
[Result "1-0"]
[WhiteElo "2396"]
[BlackElo "1862"]
[PlyCount "41"]
[EventDate "2008.07.19"]
[EventType "swiss"]
[EventRounds "9"]
[EventCountry "GER"]
[SourceTitle "CBM 125 Extra"]
[Source "ChessBase"]
[SourceDate "2008.09.01"]
[SourceVersion "1"]
[SourceVersionDate "2008.09.01"]
[SourceQuality "1"]

1. e4 Nc6 2. Nf3 d6 3. d4 Nf6 4. Nc3 Bg4 5. d5 Ne5 6. Nxe5 dxe5 7. Be2 Bxe2 8. Qxe2 Qd7 9. f4 exf4 10. Bxf4 a6 11. 0-0-0 g6 12. e5 Qg4 13. Qf2 Nh5 14. Be3 Bg7 15. Rd4 Qd7 16. g4 Bxe5 17. gxh5 Bxd4 18. Bxd4 Rg8 19. Rf1 f5 20. Be5 0-0-0 21. Qa7 1-0